| 000 | 01337nam a2200361 c 4500 | ||
|---|---|---|---|
| 003 | BLK | ||
| 005 | 20180421000603.0 | ||
| 008 | 180411b bul|||||r ||||||| ||bul|| | ||
| 010 | _aKNG00198688000 | ||
| 040 | _aBLK | ||
| 041 |
_aBUL _cBUL |
||
| 080 |
_aФизикални средства. Лечение с природни средства _b615.83 _x(497.2) _z615.83(497.2) |
||
| 100 | 1 |
_aКочанков, Димитър _eпърви автор _9344902 |
|
| 139 |
_aКочанков, Димитър _bК 87 |
||
| 245 | 1 | 0 |
_aМомин проход _cДимитър Кочанков. |
| 250 | _a3. изд. | ||
| 257 | _aBGR | ||
| 260 |
_аСофия _bМедицина и физкултура _c1977 _fПловдив : Д. Благоев |
||
| 300 |
_a80 с. _bс ил. _c17 см |
||
| 380 | _a91 | ||
| 490 | 1 | _aНаши курорти | |
| 500 | _a1. изд. 1959 със загл. Курортът Момин проход. - 25 100 тир. | ||
| 650 | 4 |
_aКурорти - България _9319021 |
|
| 650 | 4 |
_aКурортотерапия - България _9160017 |
|
| 651 | 4 |
_aБългария _9241624 |
|
| 653 | _aкурорти | ||
| 653 | _aБългария | ||
| 852 | _aЦб І 15522 | ||
| 856 | 4 |
_qpdf _u |
|
| 856 | 4 |
_qpdf _u |
|
| 942 |
_cKNG _n0 |
||
| 944 |
_aCR _c20.12.2016 _kЕлиз_Шакирова |
||
| 944 |
_aED _c20.12.2016 _kЕлиз_Шакирова |
||
| 999 |
_c189644 _d189644 |
||